书目信息 |
| 题名: |
工程结构设计原理
|
|
| 作者: | 陈麟 , 吴珊瑚 主编 | |
| 分册: | ||
| 出版信息: | 北京 中国建筑工业出版社 2013 |
|
| 页数: | 388页 | |
| 开本: | 26cm | |
| 丛书名: | ||
| 单 册: | ||
| 中图分类: | TU318 | |
| 科图分类: | ||
| 主题词: | 建筑结构--结构设计--高等学校--教材 , 建筑结构 , 结构设计 | |
| 电子资源: | ||
| ISBN: | 978-7-112-15395-4 | |
| 000 | 00912nam0 2200265 450 | |
| 001 | 141121 | |
| 005 | 20170220162039.00 | |
| 010 | @a978-7-112-15395-4@dCNY 48.00 | |
| 100 | @a20131011d2013 em y0chiy50 ea | |
| 101 | 0 | @achi |
| 102 | @aCN@b110000 | |
| 105 | @aa z 000yy | |
| 200 | 1 | @a工程结构设计原理@9gong cheng jie gou she ji yuan li@b专著@f吴珊瑚,陈麟主编 |
| 210 | @a北京@c中国建筑工业出版社@d2013 | |
| 215 | @a388页@c图@d26cm | |
| 300 | @a全国高校土木工程专业应用型本科规划推荐教材 | |
| 330 | @a本书共七章,包括绪论、工程结构材料、工程机构的设计原则、轴心受力构件、受弯构件、拉弯和压弯构件、预应力混凝土构件等内容。 | |
| 606 | 0 | @a建筑结构@x结构设计@x高等学校@j教材 |
| 606 | 0 | @a建筑结构 |
| 606 | 0 | @a结构设计 |
| 690 | @aTU318@v5 | |
| 701 | 0 | @a陈麟@9chen lin@c(女,@f1976~)@4主编 |
| 701 | 0 | @a吴珊瑚@9wu shan hu@c(女,@f1963~)@4主编 |
| 801 | 0 | @c20141106 |
| 905 | @a241430@dTU318@eW860 | |
| 工程结构设计原理/吴珊瑚,陈麟主编.-北京:中国建筑工业出版社,2013 |
| 388页:图;26cm |
| 全国高校土木工程专业应用型本科规划推荐教材 |
| ISBN 978-7-112-15395-4:CNY 48.00 |
| 本书共七章,包括绪论、工程结构材料、工程机构的设计原则、轴心受力构件、受弯构件、拉弯和压弯构件、预应力混凝土构件等内容。 |
| ● |
| 相关链接 |
|
|
|
正题名:工程结构设计原理
索取号:TU318/W860
 
预约/预借
| 序号 | 登录号 | 条形码 | 馆藏地/架位号 | 状态 | 备注 |
| 1 | 0836979 | 208369790 | 建筑库101/101建筑库 80排2列5层/ [索取号:TU318/W860] | 在馆 | |
| 2 | 0836980 | 208369807 | 建筑库101/101建筑库 80排2列5层/ [索取号:TU318/W860] | 在馆 | |
| 3 | 0836981 | 208369816 | 建筑库101/101建筑库 80排2列5层/ [索取号:TU318/W860] | 在馆 | |
| 4 | 1239219 | 212392196 | 土木与交通工程学院资料室/ [索取号:TU318/W860] | 在馆 |